Historia de Inglaterra desde los tiempos más remotos hasta nuestros dias / (Record no. 164341)
[ view plain ]
| 000 -LEADER | |
|---|---|
| campo de control de longitud fija | 01316nam a2200265 i 4500 |
| 001 - NÚMERO DE CONTROL | |
| campo de control | 164341 |
| 003 - IDENTIFICADOR DE NÚMERO DE CONTROL | |
| campo de control | ES-MaACL |
| 005 - FECHA Y HORA DE LA ÚLTIMA TRANSACCIÓN | |
| campo de control | 20251005063128.0 |
| 008 - DATOS DE LONGITUD FIJA--INFORMACIÓN GENERAL | |
| campo de control de longitud fija | 970708m18421843sp f |||| | spa d |
| 080 ## - NÚMERO DE LA CLASIFICACIÓN DECIMAL UNIVERSAL | |
| Número de la Clasificación Decimal Universal | 94(410) |
| 100 1# - ENTRADA PRINCIPAL--NOMBRE DE PERSONA | |
| Nombre de persona | Saint-Prosper, Auguste, |
| Fechas asociadas al nombre | 1790-1841 |
| 9 (RLIN) | 132293 |
| 245 10 - MENCIÓN DEL TÍTULO | |
| Título | Historia de Inglaterra desde los tiempos más remotos hasta nuestros dias / |
| Mención de responsabilidad, etc. | por Augusto de Saint-Prosper ; con el periodo de la revolución escrito por Guizot ; adornada con 46 láminas grabadas en acero ... ; dirigido por A. Houzé ; traducida por Juan Cortada. |
| 260 ## - PUBLICACIÓN, DISTRIBUCIÓN, ETC. | |
| Lugar de publicación, distribución, etc. | Barcelona : |
| Nombre del editor, distribuidor, etc. | [s.n.], |
| Fecha de publicación, distribución, etc. | 1842-1843 ( |
| Fabricante | Imp. de A. Brusi) |
| 300 ## - DESCRIPCIÓN FÍSICA | |
| Extensión | 2 v.(741 p., 24 h. de lám.; 631 p., h. de lám. 25-46) ; |
| Dimensiones | 23 cm. |
| 490 1# - MENCIÓN DE SERIE | |
| Mención de serie | El mundo, historia de todos los pueblos ; |
| Designación de volumen o secuencia | 9-10 |
| 530 ## - NOTA DISPONIBLE DE FORMULARIO FÍSICO ADICIONAL | |
| Nota de formato físico adicional disponible | Disponible en formato digital. |
| 651 #4 - PUNTO DE ACCESO ADICIONAL DE MATERIA--NOMBRE GEOGRÁFICO | |
| Nombre geográfico | Gran Bretaña- |
| Subdivisión general | Historia. |
| 9 (RLIN) | 8752 |
| 700 1# - ENTRADA AGREGADA--NOMBRE PERSONAL | |
| Nombre de persona | Guizot, François, |
| Fechas asociadas al nombre | 1787-1874 |
| 9 (RLIN) | 127641 |
| 700 1# - ENTRADA AGREGADA--NOMBRE PERSONAL | |
| Nombre de persona | Houzé, A. |
| 9 (RLIN) | 64368 |
| 700 1# - ENTRADA AGREGADA--NOMBRE PERSONAL | |
| Nombre de persona | Cortada, Juan ( |
| Fechas asociadas al nombre | 1805-1868) |
| 9 (RLIN) | 149955 |
| 830 0# - PUNTO DE ACCESO ADICIONAL DE SERIE-TÍTULO UNIFORME | |
| Título uniforme | El mundo, historia de todos los pueblos ; |
| Designación de volumen o secuencia | 9-10 |
| 9 (RLIN) | 182426 |
| 852 ## - LOCALIZACIÓN | |
| Ubicación | ES-MaACL |
| Número de control de estantería | D-4089-90 |
| Nota libre | - Enc. hol. |
| 856 ## - LOCALIZACIÓN Y ACCESO ELECTRÓNICOS | |
| Identificador Uniforme de Recursos | <a href="http://bibliotecadigitalhispanica.bne.es:80/webclient/DeliveryManager?pid=2917874&custom_att_2=simple_viewer">http://bibliotecadigitalhispanica.bne.es:80/webclient/DeliveryManager?pid=2917874&custom_att_2=simple_viewer</a> |
| Nota pública | Biblioteca Digital Hispánica |
| Estatus retirado | Estado de pérdida | Estado de daño | No para préstamo | Colección | Biblioteca de origen | Biblioteca actual | Ubicación en estantería | Fecha de adquisición | Total de préstamos | Signatura topográfica completa | Código de barras | Visto por última vez | Precio de reemplazo | Tipo de ítem Koha |
|---|---|---|---|---|---|---|---|---|---|---|---|---|---|---|
| Colección digital | Biblioteca del Ateneo de Madrid | Biblioteca del Ateneo de Madrid | Sala Valle Inclán | 17/01/2008 | D-4089-90 | 901172255 | 23/02/2023 | 23/02/2023 | Libro impreso antiguo |
